000 00306nam a2200121Ia 4500
008 240624s9999 xx 000 0 und d
041 _aeng
082 _a006.312 KUL
100 _aKULKARNI PARAG
245 _aREINFORCEMENT AND SYSTEMIC MACHINE LEARN
260 _c2015
_aNew Delhi
_bWiley
365 _cRS
_b33
999 _c26543
_d26543